| 000 | 00526nam a2200097Ia 4500 | ||
|---|---|---|---|
| 008 | 170517s9999 xx 000 0 und d | ||
| 245 | _aLife and Debt | ||
| 300 | _aUtilizing excerpts from the award-winning non-fiction text A Small Place by Jamaica Kincaid, Life and Debt is a woven tapestry of sequences all focusing on the stories of individual Jamaicans whose strategies for survival and parameters of day-to-day existence are... | ||
| 650 | _xBusiness and Economics. | ||
| 856 | _uhttp://topdocumentaryfilms.com/life-and-debt/ | ||
| 999 |
_c333271 _d333271 |
||